Central Library OPAC University of Rajshahi

Shawqī :شوقي : (Record no. 80074)

MARC details
000 -LEADER
fixed length control field 01055nam a2200253 a 4500
001 - CONTROL NUMBER
control field 80074
003 - CONTROL NUMBER IDENTIFIER
rucl marc code BD-RjUL
005 - DATE AND TIME OF LATEST TRANSACTION
control field 20220630164556.0
008 - FIXED-LENGTH DATA ELEMENTS--GENERAL INFORMATION
fixed length control field 220630s1953 ua b 000 0barard
035 ## - SYSTEM CONTROL NUMBER
System control number (BD-RjUL)80074
040 ## - CATALOGING SOURCE
Original cataloging agency CU-SB
Transcribing agency CU-SB
Modifying agency UkOxU
Language of cataloging eng
041 ## - LANGUAGE CODE
Language code of text/sound track or separate title ara
082 ## - DEWEY DECIMAL CLASSIFICATION NUMBER
Edition number 23
Classification number 892.7109
Author mark and year DAS 1953
100 1# - MAIN ENTRY--PERSONAL NAME
Personal name ضيف, شوقي Ḍayf, Shawqī.
9 (RLIN) 3981
245 10 - TITLE STATEMENT
Title Shawqī :شوقي :
Remainder of title [shāʿir al-ʿaṣr al-ḥadīth] شاعر العصر الحديث / /
Statement of responsibility, etc. [taʼlīf Shawqī Ḍayf.]تأليف شوقي ضيف.
260 ## - PUBLICATION, DISTRIBUTION, ETC. (IMPRINT)
Place of publication, distribution, etc. al-Qāhirah :القاهرة :
Name of publisher, distributor, etc. Dār al-Maʿārif,دار المعارف،
Date of publication, distribution, etc. 1953.
300 ## - PHYSICAL DESCRIPTION
Pagination 285 p. :
Illustrations facsims. ;
Size 25 cm.
490 1# - SERIES STATEMENT
Series statement [Maktabat al-dirāsāt al-adabīyah] ;مكتبة الدراسات الأدبية ؛
Volume/sequential designation 3
500 ## - GENERAL NOTE
General note "Nāla hādhā al-kitāb Jāʼizat al-Dawlah lil-Adab fī sanat 1955 M."
504 ## - BIBLIOGRAPHY, ETC. NOTE
Bibliography, etc Includes bibliographical references.
600 10 - SUBJECT ADDED ENTRY--PERSONAL NAME
Personal name Shawqī, Aḥmad,
Dates associated with a name 1868-1932.
830 #0 - SERIES ADDED ENTRY--UNIFORM TITLE
Uniform title Maktabat al-dirāsāt al-adabīyah ;
Volume number/sequential designation 3
942 ## - ADDED ENTRY ELEMENTS (KOHA)
Source of classification or shelving scheme Dewey Decimal Classification
Koha item type Books
Holdings
Lost status Source of classification or shelving scheme Damaged status Not for loan Collection code Permanent Location Current Location Shelving location Date acquired Total Checkouts Full call number Date last seen Copy number Koha item type
  Dewey Decimal Classification   Not For Loan Non-fiction Central Library, University of Rajshahi Central Library, University of Rajshahi Reading Room 30/06/2022   A 892.7109 DAS 1953 30/06/2022 C-1 Books